L'Alta Anoia
Publicado:
Barcelona :
Diputació de Barcelona. Oficina Tècnica de Turisme, Consorci per a la Promoció Turística de l'Alta Anoia ,
2002
Descripción Física:
1 f. plegat en 6 parts : il. col., fot., map. ; 23 cm (46 x 69 cm despleg.)
Otros Autores:
Consorci per a la Promoció Turística de l'Alta Anoia
Materias:
Alta Anoia -- Guies
MARC
| LEADER | 00000nam a2200000Ia 4500 | ||
|---|---|---|---|
| 001 | 22062 | ||
| 008 | 160829s2002 xx 000 0 cat d | ||
| 710 | |a Barcelona (Catalunya : Província). |b Oficina Tècnica de Turisme |9 53579 | ||
| 952 | |0 0 |1 0 |4 0 |6 FU539 |7 1 |9 49030 |a Arxiu |b Arxiu |d 2016-12-01 |l 0 |o FU-53-9 |p 22062 |r 2016-12-01 00:00:00 |w 2016-12-01 |y ARXIU | ||
| 999 | |c 52866 |d 52866 | ||
| 080 | |a FU-53-9 | ||
| 245 | 1 | 2 | |a L'Alta Anoia |
| 260 | |a Barcelona : |b Diputació de Barcelona. Oficina Tècnica de Turisme, Consorci per a la Promoció Turística de l'Alta Anoia, |c 2002 | ||
| 300 | |a 1 f. plegat en 6 parts : |b il. col., fot., map. ; |c 23 cm (46 x 69 cm despleg.) | ||
| 590 | |a Conté un mapa de la zona. | ||
| 590 | |a A la portada: Turisme Total | ||
| 650 | |a Alta Anoia |x Guies |9 38899 | ||
| 700 | |a Consorci per a la Promoció Turística de l'Alta Anoia |9 26170 | ||
| 901 | |a Arxiu | ||
| 942 | |n 1 |2 udc | ||